000
00325nam a22001337a 4500
008
170522b xxu||||| |||| 00| 0 eng d
020
_a
9780395868508
041
_a
eng
080
_2
2ND
_a
94(7/8)
100
_a
16
101
_a
SHH
245
_a
MAJOR PROBLEMS IN AMERICAN HISTORY SINCE 1945
_c
GRIFFITH, R
942
_2
udc
_c
BK
999
_c
13608
_d
13608